书目信息 |
| 题名: |
英美小说选读
|
|
| 作者: | 邓颖玲 , 易艳萍 , 宁一中 主编 ;程倩 编 | |
| 分册: | ||
| 出版信息: | 长沙 湖南师范大学出版社 2004.8 |
|
| 页数: | 476页 | |
| 开本: | 23cm | |
| 丛书名: | 高等院校英语专业系列教材 | |
| 单 册: | ||
| 中图分类: | H319.4:I | |
| 科图分类: | ||
| 主题词: | 小说--xiao shuo--美国--高等学校--教材 , 小说--xiao shuo , 小说--xiao shuo--英国--高等学校--教材 | |
| 电子资源: | ||
| ISBN: | 7-81081-383-8 | |
| 000 | 01369nam0 2200325 45 | |
| 001 | 012005000000 | |
| 005 | 20061114153240.23 | |
| 010 | @a7-81081-383-8@dCNY32.00 | |
| 100 | @a20050319d2004 em y0chiy0121 ea | |
| 101 | 0 | @achi@aeng |
| 102 | @aCN@b430000 | |
| 105 | @ay z 000ad | |
| 200 | 1 | @a英美小说选读@Aying mei xiao shuo xuan du@d= Selected readings in Enlgish and American fiction@f宁一中, 邓颖玲, 易艳萍主编@g程倩 ... [等]编@zeng |
| 210 | @a长沙@c湖南师范大学出版社@d2004.8 | |
| 215 | @a476页@d23cm | |
| 225 | 2 | @a高等院校英语专业系列教材@Agao deng yuan xiao ying yu zhuan ye xi lie jiao cai@i英美文学选读系列 |
| 304 | @a本书编者为: 程倩、邓颖玲、胡俊等 | |
| 330 | @a本书分若干单元, 每一单元由作品选读、文学知识、拓展阅读以及研究指南四个部分组成。“作品选读”包括“作家简介”、“选文”、“题解”、“注释”和“思考题”五部分。 | |
| 410 | 0 | @12001 @a高等院校英语专业系列教材@i英美文学选读系列 |
| 510 | 1 | @aSelected readings in Enlgish and American fiction@zeng |
| 606 | 0 | @a小说@Axiao shuo@y美国@x高等学校@j教材 |
| 606 | 0 | @a小说@Axiao shuo |
| 606 | 0 | @a小说@Axiao shuo@y英国@x高等学校@j教材 |
| 690 | @aH319.4:I@v4 | |
| 701 | 0 | @a邓颖玲@Adeng ying ling@4主编 |
| 701 | 0 | @a易艳萍@Ayi yan ping@4主编 |
| 701 | 0 | @a宁一中@Aning yi zhong@4主编 |
| 702 | 0 | @a程倩@Acheng qian@4编 |
| 801 | 0 | @aCN@c20061114 |
| 905 | @a10447@dH319.4:I@eN692 | |
| 英美小说选读= Selected readings in Enlgish and American fiction/宁一中, 邓颖玲, 易艳萍主编/程倩 ... [等]编.-长沙:湖南师范大学出版社,2004.8 |
| 476页;23cm.-(高等院校英语专业系列教材.英美文学选读系列) |
| ISBN 7-81081-383-8:CNY32.00 |
| 本书分若干单元, 每一单元由作品选读、文学知识、拓展阅读以及研究指南四个部分组成。“作品选读”包括“作家简介”、“选文”、“题解”、“注释”和“思考题”五部分。 |
| ● |
| 相关链接 |
|
|
|
正题名:英美小说选读
索取号:H319.4:I/N692
 
预约/预借
| 序号 | 登录号 | 条形码 | 馆藏地/架位号 | 状态 | 备注 |
| 1 | 637479 | 206374797 | 语言库209/209语言库 54排6列5层/ [索取号:H319.4:I/N692] | 在馆 | |
| 2 | 637480 | 206374804 | 语言库209/209语言库 54排6列5层/ [索取号:H319.4:I/N692] | 在馆 | |
| 3 | 637481 | 206374813 | 语言库209/209语言库 54排6列5层/ [索取号:H319.4:I/N692] | 在馆 |